Integrated Border Management : Is It Essential? (Record no. 4524)

000 -LEADER
fixed length control field nam a22 a 4500
005 - DATE AND TIME OF LATEST TRANSACTION
control field 20170531093006.0
008 - FIXED-LENGTH DATA ELEMENTS--GENERAL INFORMATION
fixed length control field 170531s2008 be ||||| |||| 00| 0 eng d
040 ## - CATALOGING SOURCE
Original cataloging agency AKMAL
082 ## - DEWEY DECIMAL CLASSIFICATION NUMBER
Classification number 004.69 WCO
090 ## - LOCALLY ASSIGNED LC-TYPE CALL NUMBER (OCLC); LOCAL CALL NUMBER (RLIN)
Classification number (OCLC) (R) ; Classification number, CALL (RLIN) (NR) 004.69
Local cutter number (OCLC) ; Book number/undivided call number, CALL (RLIN) WCO
245 10 - TITLE STATEMENT
Title Integrated Border Management : Is It Essential?
260 ## - PUBLICATION, DISTRIBUTION, ETC.
Place of publication, distribution, etc. [Brussels, Belgium] :
Name of publisher, distributor, etc. World Customs Organization,
Date of publication, distribution, etc. 2008.
300 ## - PHYSICAL DESCRIPTION
Extent 3 v. (loose-leaf) ;
Dimensions 21cm x 30cm
500 ## - GENERAL NOTE
General note Extracts from 2008 WCO IT Conference & Exhibition<br/>Seoul, Republic Of Korea 23-25 April 2008<br/>
650 10 - SUBJECT ADDED ENTRY--TOPICAL TERM
Topical term or geographic name entry element Customs Administration
General subdivision Information and communication technology
9 (RLIN) 8743
710 20 - ADDED ENTRY--CORPORATE NAME
Corporate name or jurisdiction name as entry element World Customs Organization
9 (RLIN) 5917
942 ## - ADDED ENTRY ELEMENTS (KOHA)
Source of classification or shelving scheme
Koha item type Book
950 ## - LOCAL HOLDINGS (RLIN)
Permanent shelving location, LOC (RLIN) AKMAL
Holdings
Withdrawn status Lost status Source of classification or shelving scheme Damaged status Not for loan Collection code Home library Current library Shelving location Date acquired Inventory number Total Checkouts Full call number Barcode Date last seen Price effective from Koha item type
          NON-FICTION AKMAL Melaka AKMAL Melaka RUJUKAN 31.05.2017 002566 (Book 1)   004.69 WCO 201706885 31.05.2017 31.05.2017 Book
          NON-FICTION AKMAL Melaka AKMAL Melaka RUJUKAN 31.05.2017 002565 (Book 1)   004.69 WCO 201706886 31.05.2017 31.05.2017 Book
          NON-FICTION AKMAL Melaka AKMAL Melaka RUJUKAN 31.05.2017 002578 (Book 2)   004.69 WCO 201706887 31.05.2017 31.05.2017 Book
          NON-FICTION AKMAL Melaka AKMAL Melaka RUJUKAN 31.05.2017 002577 (Book 2)   004.69 WCO 201706888 31.05.2017 31.05.2017 Book
          NON-FICTION AKMAL Melaka AKMAL Melaka RUJUKAN 31.05.2017 002591 (Book 2)   004.69 WCO 201706889 31.05.2017 31.05.2017 Book
          NON-FICTION AKMAL Melaka AKMAL Melaka RUJUKAN 31.05.2017 002590 (Book 2)   004.69 WCO 201706890 31.05.2017 31.05.2017 Book
          NON-FICTION AKMAL Melaka AKMAL Melaka RUJUKAN 31.05.2017 002579 (Book 3)   004.69 WCO 201706891 31.05.2017 31.05.2017 Book
          NON-FICTION AKMAL Melaka AKMAL Melaka RUJUKAN 31.05.2017 002580 (Book 3)   004.69 WCO 201706892 31.05.2017 31.05.2017 Book
          NON-FICTION AKMAL Melaka AKMAL Melaka RUJUKAN 31.05.2017 002593 (Book 2)   004.69 WCO 201707210 31.05.2017 31.05.2017 Book
          NON-FICTION AKMAL Melaka AKMAL Melaka RUJUKAN 31.05.2017 002592 (Book 2)   004.69 WCO 201707211 31.05.2017 31.05.2017 Book
          NON-FICTION AKMAL Melaka AKMAL Melaka RUJUKAN 31.05.2017 002594 (Book 2)   004.69 WCO 201707212 31.05.2017 31.05.2017 Book
          NON-FICTION AKMAL Melaka AKMAL Melaka RUJUKAN 31.05.2017 002595 (Book 2)   004.69 WCO 201707213 31.05.2017 31.05.2017 Book
Pusat Sumber Maklumat Dato' Haji Sarmin Md Hussin, Akademi Kastam Diraja Malaysia, Melaka
Tel: 06-2331106 | Faks: 06-2313787